Нормален изглед
MARC изглед
- Константинов, Константин
Вход 01. Лично име
001 - Контролен номер на записа
- Контролно поле: 397076
003 - Код на организацията, даваща контролен номер
- Контролно поле: BLK
005 - Дата и час на последна промяна на записа
- Контролно поле: 20200527155942.0
008 - Данни с фиксирана дължина – обща информация
- Данни с фиксирана дължина : 190927|| aca||aabn | a|a d
100 ## - ИМЕ НА ЛИЦЕ -ПЪРВИЧНА ИНТЕЛЕКТУАЛНА ОТГОВОРНОСТ
- Лично име: Константинов, Константин
- Дати, свързани с автора: 20.08.1890 – 03.01.1970
- Друга информация: Константин Константинов е български писател и преводач. Завършва Правния факултет на Софийския университет. От ноември 1911 до април 1912 г. живее в Париж, където се запознава и сприятелява със символиста Николай Лилиев. Константинов работи като съдия, адвокат, юрисконсулт. Първите му литературни опити са от 1907 г. През 1914 г. издава сп. „Звено“ заедно с Димчо Дебелянов и Димитър Подвързачов. В периода август – септември 1944 г. е директор на Радио „София“. Избиран е за председател на секция „Литература“ в Камарата за наука и изкуство и за председател на Съюза на българските писатели. Константинов е автор на разкази и пътеписи, на детска литература, както и на романа „Кръв“.
- Пълна форма на името: Константин Константинов
942 ## - Системна служебна употреба
- Koha auth type: PERSO_NAME